[Event "Deutsche Ländermeisterschaft 2025"]
[Site "Oer-Erkenschwick GER"]
[Date "2025.10.01"]
[Round "2"]
[White "Nönnig, Lotte"]
[Black "Ratushna, Olha"]
[Result "1/2-1/2"]
[Termination "normal"]
[Board "2.8"]
[WhiteElo "1642"]
[BlackElo "1650"]
[WhiteClock "00:00:55"]
[BlackClock "00:03:25"]
[WhiteTeam "Sachsen-Anhalt"]
[BlackTeam "Bayern"]
[PlyCount "127"]
[WhiteFideId "34611509"]
[BlackFideId "34172602"]
[EventCountry "GER"]
[EventRounds "7"]
[EventType "team-swiss"]
[EventDate "2025.09.30"]

1. e4 {[%clk 01:30:55]} {[%emt 00:00:04]} e6 {[%clk 01:30:52]} {[%emt
00:00:09]} 2. d4 {[%clk 01:30:54]} {[%emt 00:00:31]} d5 {[%clk 01:31:18]}
{[%emt 00:00:04]} 3. Nd2 {[%clk 01:31:01]} {[%emt 00:00:23]} c5 {[%clk
01:31:31]} {[%emt 00:00:17]} 4. exd5 {[%clk 01:30:57]} {[%emt 00:00:35]} exd5
{[%clk 01:27:07]} {[%emt 00:04:53]} 5. Ngf3 {[%clk 01:29:59]} {[%emt 00:01:29]}
Nc6 {[%clk 01:26:30]} {[%emt 00:01:07]} 6. Bb5 {[%clk 01:29:47]} {[%emt
00:00:42]} Qe7+ {[%clk 01:12:22]} {[%emt 00:14:38]} 7. Be2 {[%clk 01:17:43]}
{[%emt 00:12:33]} c4 {[%clk 01:06:05]} {[%emt 00:06:46]} 8. O-O {[%clk
01:13:52]} {[%emt 00:04:22]} Be6 {[%clk 01:02:22]} {[%emt 00:04:12]} 9. Re1
{[%clk 01:10:43]} {[%emt 00:03:41]} Qd7 {[%clk 00:49:46]} {[%emt 00:13:04]} 10.
c3 {[%clk 01:03:13]} {[%emt 00:08:01]} h6 {[%clk 00:42:48]} {[%emt 00:07:28]}
11. b3 {[%clk 01:00:07]} {[%emt 00:03:36]} cxb3 {[%clk 00:40:29]} {[%emt
00:02:48]} 12. Nxb3 {[%clk 00:58:17]} {[%emt 00:02:20]} Bd6 {[%clk 00:38:55]}
{[%emt 00:02:05]} 13. c4 {[%clk 00:49:59]} {[%emt 00:08:48]} Nge7 {[%clk
00:37:47]} {[%emt 00:01:37]} 14. c5 {[%clk 00:43:48]} {[%emt 00:06:41]} Bc7
{[%clk 00:36:54]} {[%emt 00:01:23]} 15. Bd2 {[%clk 00:38:46]} {[%emt 00:05:32]}
a6 {[%clk 00:34:35]} {[%emt 00:02:48]} 16. Rb1 {[%clk 00:33:08]} {[%emt
00:06:07]} O-O {[%clk 00:24:08]} {[%emt 00:10:57]} 17. Nc1 {[%clk 00:25:45]}
{[%emt 00:07:53]} Rab8 {[%clk 00:21:57]} {[%emt 00:02:39]} 18. Nd3 {[%clk
00:23:46]} {[%emt 00:02:31]} Bf5 {[%clk 00:20:49]} {[%emt 00:01:39]} 19. Rb2
{[%clk 00:22:35]} {[%emt 00:01:40]} Ng6 {[%clk 00:19:01]} {[%emt 00:02:18]} 20.
Nb4 {[%clk 00:19:01]} {[%emt 00:04:05]} Nxb4 {[%clk 00:16:30]} {[%emt
00:03:01]} 21. Bxb4 {[%clk 00:19:14]} {[%emt 00:00:17]} Nf4 {[%clk 00:16:49]}
{[%emt 00:00:10]} 22. Qc1 {[%clk 00:09:01]} {[%emt 00:10:40]} Rfe8 {[%clk
00:16:20]} {[%emt 00:01:02]} 23. Ne5 {[%clk 00:05:09]} {[%emt 00:04:22]} Nxe2+
{[%clk 00:10:51]} {[%emt 00:05:58]} 24. Rbxe2 {[%clk 00:05:16]} {[%emt
00:00:23]} Qa4 {[%clk 00:09:11]} {[%emt 00:02:08]} 25. a3 {[%clk 00:04:06]}
{[%emt 00:01:42]} f6 {[%clk 00:07:14]} {[%emt 00:02:28]} 26. Nf3 {[%clk
00:02:21]} {[%emt 00:02:14]} Rxe2 {[%clk 00:06:21]} {[%emt 00:01:23]} 27. Rxe2
{[%clk 00:02:29]} {[%emt 00:00:22]} Bg4 {[%clk 00:06:35]} {[%emt 00:00:16]} 28.
Re7 {[%clk 00:01:05]} {[%emt 00:01:52]} Bd8 {[%clk 00:02:25]} {[%emt 00:04:43]}
29. Re3 {[%clk 00:00:49]} {[%emt 00:00:45]} Qd7 {[%clk 00:01:14]} {[%emt
00:01:42]} 30. Qe1 {[%clk 00:00:44]} {[%emt 00:00:35]} Bxf3 {[%clk 00:01:17]}
{[%emt 00:00:27]} 31. Rxf3 {[%clk 00:00:52]} {[%emt 00:00:22]} a5 {[%clk
00:01:08]} {[%emt 00:00:39]} 32. Bxa5 {[%clk 00:00:47]} {[%emt 00:00:35]} Bxa5
{[%clk 00:00:37]} {[%emt 00:01:01]} 33. Qxa5 {[%emt 00:00:16]} Kf7 {[%clk
00:00:52]} {[%emt 00:00:11]} 34. h3 {[%clk 00:00:50]} {[%emt 00:00:45]} Qc6
{[%clk 00:00:37]} {[%emt 00:00:44]} 35. Re3 {[%clk 00:00:47]} {[%emt 00:00:34]}
b6 {[%clk 00:00:35]} {[%emt 00:00:32]} 36. cxb6 {[%clk 00:00:42]} {[%emt
00:00:35]} Rxb6 {[%clk 00:00:36]} {[%emt 00:00:29]} 37. Qe1 {[%clk 00:00:34]}
{[%emt 00:00:36]} Qd7 {[%clk 00:00:37]} {[%emt 00:00:29]} 38. Rf3 {[%clk
00:00:35]} {[%emt 00:00:31]} Qb7 {[%clk 00:00:34]} {[%emt 00:00:31]} 39. Qe3
{[%clk 00:00:35]} {[%emt 00:00:31]} Qb8 {[%clk 00:00:39]} {[%emt 00:00:25]} 40.
Rg3 {[%emt 00:00:32]} h5 {[%clk 00:00:35]} {[%emt 00:00:33]} 41. Qf3 {[%clk
00:25:36]} {[%emt 00:05:28]} g6 {[%clk 00:22:53]} {[%emt 00:08:12]} 42. Qxd5+
{[%clk 00:24:39]} {[%emt 00:01:26]} Kg7 {[%clk 00:23:21]} {[%emt 00:00:02]} 43.
Qe4 {[%clk 00:19:10]} {[%emt 00:05:59]} g5 {[%clk 00:18:11]} {[%emt 00:05:42]}
44. h4 {[%clk 00:15:07]} {[%emt 00:04:33]} Kh6 {[%clk 00:15:56]} {[%emt
00:02:44]} 45. hxg5+ {[%clk 00:12:04]} {[%emt 00:03:33]} fxg5 {[%clk 00:16:23]}
{[%emt 00:00:03]} 46. Qe5 {[%clk 00:11:30]} {[%emt 00:01:03]} Qg8 {[%clk
00:11:28]} {[%emt 00:05:14]} 47. d5 {[%clk 00:08:35]} {[%emt 00:03:36]} Qd8
{[%clk 00:06:36]} {[%emt 00:05:21]} 48. f4 {[%clk 00:06:01]} {[%emt 00:03:05]}
Rb1+ {[%clk 00:02:50]} {[%emt 00:04:16]} 49. Kh2 {[%clk 00:04:00]} {[%emt
00:02:31]} g4 {[%clk 00:02:36]} {[%emt 00:00:45]} 50. Qe6+ {[%clk 00:03:27]}
{[%emt 00:01:01]} Kg7 {[%clk 00:02:11]} {[%emt 00:00:51]} 51. Qe5+ {[%clk
00:02:36]} {[%emt 00:01:26]} Kh6 {[%clk 00:01:51]} {[%emt 00:00:50]} 52. Qg5+
{[%clk 00:01:31]} {[%emt 00:01:34]} Qxg5 {[%clk 00:02:19]} {[%emt 00:00:04]}
53. fxg5+ {[%clk 00:01:57]} {[%emt 00:00:04]} Kxg5 {[%clk 00:02:47]} {[%emt
00:00:02]} 54. Rd3 {[%clk 00:01:49]} {[%emt 00:00:38]} h4 {[%clk 00:02:38]}
{[%emt 00:00:40]} 55. g3 {[%clk 00:01:08]} {[%emt 00:01:10]} Rb2+ {[%clk
00:02:17]} {[%emt 00:00:51]} 56. Kg1 {[%clk 00:01:18]} {[%emt 00:00:20]} hxg3
{[%clk 00:02:26]} {[%emt 00:00:22]} 57. d6 {[%clk 00:00:38]} {[%emt 00:01:09]}
Rb8 {[%clk 00:02:32]} {[%emt 00:00:24]} 58. Rxg3 {[%clk 00:00:39]} {[%emt
00:00:28]} Kf4 {[%clk 00:02:43]} {[%emt 00:00:19]} 59. Rd3 {[%clk 00:00:49]}
{[%emt 00:00:20]} Ke5 {[%clk 00:01:53]} {[%emt 00:01:20]} 60. Kf2 {[%clk
00:00:36]} {[%emt 00:00:44]} Rd8 {[%clk 00:02:14]} {[%emt 00:00:09]} 61. d7
{[%clk 00:00:41]} {[%emt 00:00:25]} Ke6 {[%clk 00:02:43]} {[%emt 00:00:01]} 62.
Kg3 {[%clk 00:00:47]} {[%emt 00:00:23]} Rxd7 {[%clk 00:03:00]} {[%emt
00:00:13]} 63. Rxd7 {[%clk 00:00:47]} {[%emt 00:00:30]} Kxd7 {[%clk 00:03:25]}
{[%emt 00:00:05]} 64. Kxg4 {[%clk 00:00:55]} {[%emt 00:00:22]} 1/2-1/2

[Event "Deutsche Ländermeisterschaft 2025"]
[Site "Oer-Erkenschwick GER"]
[Date "2025.10.01"]
[Round "2"]
[White "van Arendonk, Polle"]
[Black "Sydykov, Bayastan"]
[Result "0-1"]
[Termination "normal"]
[Board "3.1"]
[BlackTitle "FM"]
[WhiteElo "2105"]
[BlackElo "2357"]
[WhiteClock "00:01:02"]
[BlackClock "00:17:34"]
[WhiteTeam "Stichts-Gooise Schaakbond"]
[BlackTeam "Baden"]
[PlyCount "68"]
[WhiteFideId "1072048"]
[BlackFideId "13829610"]
[EventCountry "GER"]
[EventRounds "7"]
[EventType "team-swiss"]
[EventDate "2025.09.30"]

1. e4 {[%clk 01:30:57]} {[%emt 00:00:02]} e6 {[%clk 01:30:51]} {[%emt
00:00:10]} 2. d4 {[%clk 01:31:22]} {[%emt 00:00:05]} d5 {[%clk 01:31:19]}
{[%emt 00:00:03]} 3. Nc3 {[%clk 01:31:11]} {[%emt 00:00:40]} Nf6 {[%clk
01:31:44]} {[%emt 00:00:05]} 4. e5 {[%clk 01:31:30]} {[%emt 00:00:11]} Nfd7
{[%clk 01:32:10]} {[%emt 00:00:04]} 5. f4 {[%clk 01:31:46]} {[%emt 00:00:13]}
c5 {[%clk 01:32:35]} {[%emt 00:00:05]} 6. Nf3 {[%clk 01:32:12]} {[%emt
00:00:04]} Nc6 {[%clk 01:32:34]} {[%emt 00:00:31]} 7. Be3 {[%clk 01:32:31]}
{[%emt 00:00:11]} Be7 {[%clk 01:31:59]} {[%emt 00:01:05]} 8. Ne2 {[%clk
01:31:36]} {[%emt 00:01:25]} O-O {[%clk 01:31:47]} {[%emt 00:00:42]} 9. h4
{[%clk 01:26:56]} {[%emt 00:05:10]} f6 {[%clk 01:21:07]} {[%emt 00:11:10]} 10.
c3 {[%clk 01:21:58]} {[%emt 00:05:28]} a5 {[%clk 01:07:18]} {[%emt 00:14:19]}
11. Rh3 {[%clk 01:15:50]} {[%emt 00:06:38]} a4 {[%clk 00:56:00]} {[%emt
00:11:48]} 12. h5 {[%clk 01:11:19]} {[%emt 00:05:01]} Qa5 {[%clk 00:46:57]}
{[%emt 00:09:32]} 13. g4 {[%clk 00:56:51]} {[%emt 00:14:59]} Nb6 {[%clk
00:33:47]} {[%emt 00:13:40]} 14. Ng3 {[%clk 00:39:48]} {[%emt 00:17:33]} cxd4
{[%clk 00:30:48]} {[%emt 00:03:29]} 15. Nxd4 {[%clk 00:34:10]} {[%emt
00:06:08]} fxe5 {[%clk 00:29:44]} {[%emt 00:01:33]} 16. Nxc6 {[%clk 00:30:09]}
{[%emt 00:04:32]} bxc6 {[%clk 00:30:11]} {[%emt 00:00:03]} 17. fxe5 {[%clk
00:30:31]} {[%emt 00:00:09]} Nd7 {[%clk 00:25:46]} {[%emt 00:04:54]} 18. Bd3
{[%clk 00:19:57]} {[%emt 00:11:04]} Nxe5 {[%clk 00:21:50]} {[%emt 00:04:26]}
19. Bxh7+ {[%clk 00:19:35]} {[%emt 00:00:52]} Kxh7 {[%clk 00:21:39]} {[%emt
00:00:41]} 20. Qc2+ {[%clk 00:20:01]} {[%emt 00:00:04]} Kg8 {[%clk 00:21:35]}
{[%emt 00:00:34]} 21. h6 {[%clk 00:19:13]} {[%emt 00:01:18]} g6 {[%clk
00:21:31]} {[%emt 00:00:33]} 22. h7+ {[%clk 00:18:05]} {[%emt 00:01:38]} Kh8
{[%clk 00:21:40]} {[%emt 00:00:22]} 23. Bd4 {[%clk 00:14:52]} {[%emt 00:03:43]}
Bf6 {[%clk 00:21:25]} {[%emt 00:00:45]} 24. O-O-O {[%clk 00:14:08]} {[%emt
00:01:14]} c5 {[%clk 00:20:10]} {[%emt 00:01:45]} 25. Bxe5 {[%clk 00:13:27]}
{[%emt 00:01:11]} Bxe5 {[%clk 00:20:39]} 26. Qxg6 {[%clk 00:12:29]} {[%emt
00:01:28]} a3 {[%clk 00:20:16]} {[%emt 00:00:54]} 27. b4 {[%clk 00:11:23]}
{[%emt 00:01:37]} Qc7 {[%clk 00:19:57]} {[%emt 00:00:48]} 28. Rf1 {[%clk
00:04:56]} {[%emt 00:06:57]} Ba6 {[%clk 00:19:51]} {[%emt 00:00:36]} 29. Rxf8+
{[%clk 00:03:51]} {[%emt 00:01:35]} Rxf8 {[%clk 00:20:20]} {[%emt 00:00:01]}
30. Nh5 {[%clk 00:01:30]} {[%emt 00:02:51]} cxb4 {[%clk 00:16:29]} {[%emt
00:04:21]} 31. Rf3 {[%clk 00:01:09]} {[%emt 00:00:51]} Qc8 {[%clk 00:16:31]}
{[%emt 00:00:29]} 32. Nf6 {[%clk 00:00:37]} {[%emt 00:01:02]} Bxf6 {[%clk
00:16:44]} {[%emt 00:00:17]} 33. Rxf6 {[%clk 00:00:40]} {[%emt 00:00:28]} Qxc3+
{[%clk 00:17:09]} {[%emt 00:00:05]} 34. Kd1 {[%clk 00:01:02]} {[%emt 00:00:07]}
Qxf6 {[%clk 00:17:34]} {[%emt 00:00:04]} 0-1

[Event "Deutsche Ländermeisterschaft 2025"]
[Site "Oer-Erkenschwick GER"]
[Date "2025.10.01"]
[Round "2"]
[White "Semling, Julius"]
[Black "Terlouw, Wouter"]
[Result "0-1"]
[Termination "normal"]
[Board "3.2"]
[BlackTitle "CM"]
[WhiteElo "2251"]
[BlackElo "2102"]
[WhiteClock "00:21:11"]
[BlackClock "00:37:10"]
[WhiteTeam "Baden"]
[BlackTeam "Stichts-Gooise Schaakbond"]
[PlyCount "100"]
[WhiteFideId "16290160"]
[BlackFideId "1087401"]
[EventCountry "GER"]
[EventRounds "7"]
[EventType "team-swiss"]
[EventDate "2025.09.30"]

1. e4 {[%clk 01:30:57]} {[%emt 00:00:02]} e5 {[%clk 01:30:51]} {[%emt
00:00:10]} 2. Nf3 {[%clk 01:31:14]} {[%emt 00:00:12]} Nc6 {[%clk 01:31:14]}
{[%emt 00:00:06]} 3. Bc4 {[%clk 01:31:26]} {[%emt 00:00:14]} Nf6 {[%clk
01:31:39]} {[%emt 00:00:08]} 4. d3 {[%clk 01:31:36]} {[%emt 00:00:21]} h6
{[%clk 01:32:01]} {[%emt 00:00:07]} 5. c3 {[%clk 01:31:10]} {[%emt 00:00:56]}
d6 {[%clk 01:32:19]} {[%emt 00:00:12]} 6. a4 {[%clk 01:27:50]} {[%emt
00:03:51]} g6 {[%clk 01:32:22]} {[%emt 00:00:26]} 7. O-O {[%clk 01:26:20]}
{[%emt 00:02:00]} Bg7 {[%clk 01:32:46]} {[%emt 00:00:05]} 8. Re1 {[%clk
01:23:39]} {[%emt 00:03:12]} O-O {[%clk 01:30:48]} {[%emt 00:02:27]} 9. h3
{[%clk 01:20:48]} {[%emt 00:03:21]} Be6 {[%clk 01:30:22]} {[%emt 00:00:56]} 10.
Nbd2 {[%clk 01:16:25]} {[%emt 00:04:53]} a5 {[%clk 01:27:32]} {[%emt 00:03:19]}
11. Bb3 {[%clk 01:11:23]} {[%emt 00:05:31]} b6 {[%clk 01:08:10]} {[%emt
00:19:52]} 12. Nf1 {[%clk 01:02:36]} {[%emt 00:09:17]} d5 {[%clk 01:08:06]}
{[%emt 00:00:35]} 13. Ng3 {[%clk 00:57:30]} {[%emt 00:05:35]} Qd6 {[%clk
00:58:52]} {[%emt 00:09:44]} 14. Bc2 {[%clk 00:39:28]} {[%emt 00:18:32]} d4
{[%clk 00:53:52]} {[%emt 00:05:29]} 15. cxd4 {[%clk 00:32:11]} {[%emt
00:07:48]} Nxd4 {[%clk 00:54:02]} {[%emt 00:00:19]} 16. Nxd4 {[%clk 00:31:37]}
{[%emt 00:01:05]} Qxd4 {[%clk 00:54:19]} {[%emt 00:00:12]} 17. Ne2 {[%clk
00:25:02]} {[%emt 00:07:05]} Qd7 {[%clk 00:50:36]} {[%emt 00:04:12]} 18. d4
{[%clk 00:19:16]} {[%emt 00:06:18]} exd4 {[%clk 00:49:47]} {[%emt 00:01:17]}
19. Nxd4 {[%clk 00:18:37]} {[%emt 00:01:10]} Rad8 {[%clk 00:48:30]} {[%emt
00:01:46]} 20. Be3 {[%clk 00:14:26]} {[%emt 00:04:41]} c5 {[%clk 00:45:31]}
{[%emt 00:03:29]} 21. Nxe6 {[%clk 00:13:56]} {[%emt 00:01:01]} Qxe6 {[%clk
00:45:52]} {[%emt 00:00:08]} 22. Qc1 {[%clk 00:13:11]} {[%emt 00:01:16]} Kh7
{[%clk 00:44:36]} {[%emt 00:01:45]} 23. Ra3 {[%clk 00:10:09]} {[%emt 00:03:33]}
Rfe8 {[%clk 00:41:27]} {[%emt 00:03:39]} 24. Bb3 {[%clk 00:08:04]} {[%emt
00:02:35]} Qxe4 {[%clk 00:40:25]} {[%emt 00:01:31]} 25. Bxf7 {[%clk 00:07:49]}
{[%emt 00:00:46]} Re7 {[%clk 00:40:30]} {[%emt 00:00:24]} 26. Ba2 {[%clk
00:05:49]} {[%emt 00:02:31]} Rde8 {[%clk 00:39:10]} {[%emt 00:01:50]} 27. Rd1
{[%clk 00:05:02]} {[%emt 00:01:18]} Nh5 {[%clk 00:36:41]} {[%emt 00:02:58]} 28.
Bb1 {[%clk 00:02:54]} {[%emt 00:02:38]} Qb4 {[%clk 00:36:12]} {[%emt 00:00:59]}
29. Qc2 {[%clk 00:02:35]} {[%emt 00:00:49]} Re6 {[%clk 00:36:24]} {[%emt
00:00:16]} 30. Ra2 {[%clk 00:00:53]} {[%emt 00:02:14]} Bd4 {[%clk 00:31:04]}
{[%emt 00:05:50]} 31. Ra3 {[%clk 00:00:34]} {[%emt 00:00:50]} Bg7 {[%clk
00:29:24]} {[%emt 00:02:09]} 32. Rd2 {[%clk 00:00:34]} {[%emt 00:00:30]} c4
{[%clk 00:29:14]} {[%emt 00:00:41]} 33. Ra2 {[%clk 00:00:34]} {[%emt 00:00:30]}
Rf8 {[%clk 00:28:32]} {[%emt 00:01:11]} 34. Qd1 {[%clk 00:00:33]} {[%emt
00:00:31]} Nf4 {[%clk 00:27:45]} {[%emt 00:01:16]} 35. Rd7 {[%clk 00:00:39]}
{[%emt 00:00:24]} Rff6 {[%clk 00:26:47]} {[%emt 00:01:28]} 36. Kh2 {[%clk
00:00:36]} {[%emt 00:00:34]} Rd6 {[%clk 00:26:23]} {[%emt 00:00:54]} 37. Qg4
{[%clk 00:00:33]} {[%emt 00:00:32]} h5 {[%clk 00:26:18]} {[%emt 00:00:35]} 38.
Rxg7+ {[%clk 00:00:38]} {[%emt 00:00:26]} Kxg7 {[%clk 00:26:37]} {[%emt
00:00:11]} 39. Qg5 {[%clk 00:00:49]} {[%emt 00:00:18]} Rd5 {[%clk 00:25:21]}
{[%emt 00:01:47]} 40. Qg3 {[%clk 00:00:32]} {[%emt 00:00:47]} Ne2 {[%clk
00:21:57]} {[%emt 00:03:54]} 41. Qc7+ {[%clk 00:28:36]} {[%emt 00:02:25]} Rf7
{[%clk 00:47:26]} {[%emt 00:05:01]} 42. Qxb6 {[%clk 00:27:45]} {[%emt
00:01:21]} Rd6 {[%clk 00:43:51]} {[%emt 00:04:06]} 43. Qb5 {[%clk 00:23:30]}
{[%emt 00:04:46]} Qe1 {[%clk 00:41:56]} {[%emt 00:02:23]} 44. Qe5+ {[%clk
00:22:57]} {[%emt 00:01:04]} Rdf6 {[%clk 00:42:05]} {[%emt 00:00:21]} 45. f3
{[%clk 00:22:04]} {[%emt 00:01:23]} Qxb1 {[%clk 00:42:03]} {[%emt 00:00:32]}
46. Ra3 {[%clk 00:22:08]} {[%emt 00:00:27]} Qf5 {[%clk 00:39:43]} {[%emt
00:02:49]} 47. Qe8 {[%clk 00:22:28]} {[%emt 00:00:10]} Qd7 {[%clk 00:38:54]}
{[%emt 00:01:18]} 48. Qe4 {[%clk 00:20:43]} {[%emt 00:02:16]} Qd6+ {[%clk
00:37:06]} {[%emt 00:02:18]} 49. f4 {[%clk 00:21:11]} {[%emt 00:00:02]} Rxf4
{[%clk 00:36:47]} {[%emt 00:00:48]} 50. Bxf4 {[%clk 00:21:11]} {[%emt
00:00:31]} Rxf4 {[%clk 00:37:10]} {[%emt 00:00:06]} 0-1

[Event "Deutsche Ländermeisterschaft 2025"]
[Site "Oer-Erkenschwick GER"]
[Date "2025.10.01"]
[Round "2"]
[White "den Heijer, Rolinde"]
[Black "Semling, Johannes"]
[Result "0-1"]
[Termination "normal"]
[Board "3.3"]
[WhiteElo "2065"]
[BlackElo "2215"]
[WhiteClock "00:24:44"]
[BlackClock "00:33:04"]
[WhiteTeam "Stichts-Gooise Schaakbond"]
[BlackTeam "Baden"]
[PlyCount "86"]
[WhiteFideId "1068300"]
[BlackFideId "16290151"]
[EventCountry "GER"]
[EventRounds "7"]
[EventType "team-swiss"]
[EventDate "2025.09.30"]

1. e4 {[%clk 01:30:58]} c5 {[%clk 01:30:53]} {[%emt 00:00:07]} 2. Nf3 {[%clk
01:31:22]} {[%emt 00:00:06]} d6 {[%clk 01:31:19]} {[%emt 00:00:04]} 3. d4
{[%clk 01:31:45]} {[%emt 00:00:06]} cxd4 {[%clk 01:31:46]} {[%emt 00:00:04]} 4.
Nxd4 {[%clk 01:32:09]} {[%emt 00:00:06]} Nf6 {[%clk 01:32:10]} {[%emt
00:00:06]} 5. Nc3 {[%clk 01:32:31]} {[%emt 00:00:08]} Nc6 {[%clk 01:32:36]}
{[%emt 00:00:04]} 6. Bg5 {[%clk 01:32:46]} {[%emt 00:00:15]} e6 {[%clk
01:32:56]} {[%emt 00:00:10]} 7. Qd2 {[%clk 01:33:04]} {[%emt 00:00:12]} a6
{[%clk 01:33:18]} {[%emt 00:00:08]} 8. O-O-O {[%clk 01:33:07]} {[%emt
00:00:27]} Be7 {[%clk 01:33:20]} {[%emt 00:00:28]} 9. Kb1 {[%clk 01:31:36]}
{[%emt 00:02:01]} Nxd4 {[%clk 01:32:44]} {[%emt 00:01:05]} 10. Qxd4 {[%clk
01:31:49]} {[%emt 00:00:17]} h6 {[%clk 01:33:10]} {[%emt 00:00:05]} 11. Bxf6
{[%clk 01:28:41]} {[%emt 00:03:38]} Bxf6 {[%clk 01:30:08]} {[%emt 00:03:32]}
12. Qxd6 {[%clk 01:26:02]} {[%emt 00:03:10]} Qxd6 {[%clk 01:13:19]} {[%emt
00:17:19]} 13. Rxd6 {[%clk 01:26:22]} {[%emt 00:00:10]} Bd7 {[%clk 01:12:50]}
{[%emt 00:00:58]} 14. Bc4 {[%clk 01:15:29]} {[%emt 00:11:24]} Ke7 {[%clk
01:08:49]} {[%emt 00:04:29]} 15. Rhd1 {[%clk 01:12:06]} {[%emt 00:03:55]} Bc6
{[%clk 01:07:47]} {[%emt 00:01:31]} 16. f4 {[%clk 01:03:28]} {[%emt 00:09:09]}
Bxc3 {[%clk 01:01:41]} {[%emt 00:06:36]} 17. bxc3 {[%clk 01:03:48]} {[%emt
00:00:10]} Bxe4 {[%clk 00:59:35]} {[%emt 00:02:36]} 18. Rd7+ {[%clk 01:00:59]}
{[%emt 00:03:19]} Kf6 {[%clk 00:55:47]} {[%emt 00:04:16]} 19. g4 {[%clk
00:56:34]} {[%emt 00:04:57]} g6 {[%clk 00:44:07]} {[%emt 00:12:10]} 20. h4
{[%clk 00:37:54]} {[%emt 00:19:11]} Bc6 {[%clk 00:37:56]} {[%emt 00:06:40]} 21.
R7d2 {[%clk 00:33:01]} {[%emt 00:05:24]} Bf3 {[%clk 00:32:59]} {[%emt
00:05:23]} 22. Rg1 {[%clk 00:24:10]} {[%emt 00:09:25]} Rac8 {[%clk 00:29:26]}
{[%emt 00:04:00]} 23. Rd4 {[%clk 00:18:44]} {[%emt 00:05:59]} Rhd8 {[%clk
00:24:13]} {[%emt 00:05:41]} 24. Bd3 {[%clk 00:16:02]} {[%emt 00:03:13]} Bc6
{[%clk 00:22:23]} {[%emt 00:02:17]} 25. Kc1 {[%clk 00:12:54]} {[%emt 00:03:41]}
Rd5 {[%clk 00:21:12]} {[%emt 00:01:39]} 26. Kd2 {[%clk 00:12:01]} {[%emt
00:01:25]} Ke7 {[%clk 00:18:28]} {[%emt 00:03:12]} 27. Re1 {[%clk 00:08:25]}
{[%emt 00:04:08]} Rcd8 {[%clk 00:15:37]} {[%emt 00:03:21]} 28. Ke3 {[%clk
00:07:51]} {[%emt 00:01:05]} Ra5 {[%clk 00:11:55]} {[%emt 00:04:09]} 29. Bc4
{[%clk 00:06:15]} {[%emt 00:02:09]} Rc8 {[%clk 00:11:36]} {[%emt 00:00:48]} 30.
Bb3 {[%clk 00:02:00]} {[%emt 00:04:46]} Rc5 {[%clk 00:10:36]} {[%emt 00:01:30]}
31. f5 {[%clk 00:01:36]} {[%emt 00:00:55]} gxf5 {[%clk 00:10:25]} {[%emt
00:00:40]} 32. gxf5 {[%clk 00:01:44]} {[%emt 00:00:23]} Rxf5 {[%clk 00:10:09]}
{[%emt 00:00:46]} 33. Rg1 {[%clk 00:01:53]} {[%emt 00:00:21]} Rf3+ {[%clk
00:09:36]} {[%emt 00:01:03]} 34. Kd2 {[%clk 00:02:16]} {[%emt 00:00:07]} Rf2+
{[%clk 00:06:56]} {[%emt 00:03:10]} 35. Ke3 {[%clk 00:01:55]} {[%emt 00:00:51]}
Rg2 {[%clk 00:06:54]} {[%emt 00:00:30]} 36. Rxg2 {[%clk 00:01:11]} {[%emt
00:01:17]} Bxg2 {[%clk 00:07:18]} {[%emt 00:00:06]} 37. Rg4 {[%clk 00:01:19]}
{[%emt 00:00:21]} Bh3 {[%clk 00:06:25]} {[%emt 00:01:19]} 38. Rg7 {[%clk
00:01:03]} {[%emt 00:00:51]} Kf6 {[%clk 00:06:07]} {[%emt 00:00:47]} 39. Rg1
{[%clk 00:01:19]} {[%emt 00:00:15]} Rxc3+ {[%clk 00:06:25]} {[%emt 00:00:12]}
40. Kd4 {[%clk 00:01:40]} {[%emt 00:00:08]} Rc7 {[%clk 00:06:47]} {[%emt
00:00:04]} 41. c4 {[%clk 00:00:59]} {[%emt 00:01:14]} e5+ {[%clk 00:02:53]}
{[%emt 00:04:22]} 42. Kd5 {[%clk 00:24:29]} {[%emt 00:07:02]} Be6+ {[%clk
00:32:39]} {[%emt 00:00:44]} 43. Kd6 {[%clk 00:24:44]} {[%emt 00:00:15]} Rc6#
{[%clk 00:33:04]} {[%emt 00:00:06]} 0-1